|
|
|
|
| LEADER |
00000nla2a2200000 4500 |
| 001 |
230919 |
| 005 |
20240118111110.0 |
| 035 |
|
|
|a (RuTPU)RU\TPU\book\251933
|
| 035 |
|
|
|a RU\TPU\book\251932
|
| 090 |
|
|
|a 230919
|
| 100 |
|
|
|a 20130128d2012 k y0rusy50 ca
|
| 101 |
0 |
|
|a rus
|
| 102 |
|
|
|a RU
|
| 105 |
|
|
|a y z 101zy
|
| 181 |
|
0 |
|a i
|
| 182 |
|
0 |
|a b
|
| 200 |
1 |
|
|a Дисциплина "Введение в инженерную деятельность" как этап копмплексной подготовки выпускников ООП "Химическая технология"
|f М. А. Самборская [и др.]
|
| 203 |
|
|
|a Текст
|c электронный
|
| 225 |
1 |
|
|a Роль личностно-ориентированной образовательной среды в формировании специалиста: организация самостоятельной работы студентов, академическая и социальная активность студента
|
| 300 |
|
|
|a Заглавие с экрана
|
| 337 |
|
|
|a Adobe Reader
|
| 463 |
|
1 |
|0 (RuTPU)RU\TPU\book\240708
|t Уровневая подготовка специалистов: государственные и международные стандарты инженерного образования
|o сборник трудов научно-методической конференции, 3-6 апреля 2012 г.
|f Национальный исследовательский Томский политехнический университет (ТПУ)
|v [С. 123-124]
|d 2012
|
| 610 |
1 |
|
|a труды учёных ТПУ
|
| 610 |
1 |
|
|a электронный ресурс
|
| 610 |
1 |
|
|a комплексная подготовка
|
| 610 |
1 |
|
|a выпускники
|
| 610 |
1 |
|
|a химическая технология
|
| 610 |
1 |
|
|a инженерная деятельность
|
| 701 |
|
1 |
|a Самборская
|b М. А.
|c химик-технолог
|c доцент Томского политехнического университета, кандидат химических наук
|f 1960-
|g Марина Анатольевна
|3 (RuTPU)RU\TPU\pers\24967
|9 11121
|
| 701 |
|
1 |
|a Ушева
|b Н. В.
|c химик
|c доцент Томского политехнического университета, кандидат химических наук
|f 1948-
|g Наталья Викторовна
|3 (RuTPU)RU\TPU\pers\24906
|
| 701 |
|
1 |
|a Кузьменко
|b Е. А.
|c химик-технолог
|c доцент Томского политехнического университета, кандидат технических наук
|f 1958-
|g Елена Анатольевна
|3 (RuTPU)RU\TPU\pers\25858
|9 11727
|
| 701 |
|
1 |
|a Левашова
|b А. И.
|c химик
|c доцент кафедры ХТТ И ХК Томского политехнического университета, кандидат химических наук
|g Альбина Ивановна
|3 (RuTPU)RU\TPU\pers\30344
|
| 701 |
|
1 |
|a Мойзес
|b О. Е.
|c химик-технолог, специалист в области информатики и вычислительной техники
|c доцент Томского политехнического университета, кандидат технических наук
|f 1950-
|g Ольга Ефимовна
|3 (RuTPU)RU\TPU\pers\25862
|9 11730
|
| 801 |
|
2 |
|a RU
|b 63413507
|c 20130201
|g RCR
|
| 856 |
4 |
|
|u http://www.lib.tpu.ru/fulltext/c/2012/C09/052.pdf
|
| 942 |
|
|
|c CF
|